| 000 | 00889 a2200169 4500 | ||
|---|---|---|---|
| 003 | NUST | ||
| 005 | 20230712121259.0 | ||
| 010 | _a6466016 | ||
| 040 | _cNust | ||
| 082 | _a515.5,REI | ||
| 245 |
_aStatistical physics : _bberkeley physics course-vol-5 / _cReif, F. |
||
| 260 |
_aNew York _bMcGraw Hill _c1965 |
||
| 300 | _a398 p.: | ||
| 505 | _aCharacteristic features of microscopic systems (Page-1), Basic probability concepts (Page-55), Statistical description of systems of particles (Page-99), Thermal interaction (Page-141), Microscopic theory and microscopic measurement (Page-191), Canonical distribution in the classical approximation (Page-223), General thermodynamic interaction (Page-265), Elementary kinetic theory of transport processes (Page-317), Appendix (Page-349), Mathematical notes (Page-363). | ||
| 650 |
_aStatistical physics _910656 |
||
| 942 |
_2ddc _cBK _k515.5,REI |
||
| 999 |
_c196098 _d196098 |
||